Manchester United - Tous les joueurs (2020-) - Statistiques

Statistiques générales
  • Ce quiz a été pris 377 fois
    188 depuis la dernière actualisation
  • Le résultat moyen est 31 sur 55
Statistiques - réponses
Saisons Nationalité Joueur Nb de matchs % Correct
2020- Portugal Bruno Fernandes 143
97%
2020- Angleterre Harry Maguire 102
96%
2020- Ecosse Scott McTominay 115
94%
2020- Angleterre Luke Shaw 95
93%
2020-2023 Espagne David de Gea 112
91%
2022- Brésil Casemiro 50
89%
2020- Angleterre Marcus Rashford 128
88%
2020- Suède Victor Lindelöf 96
88%
2023- Cameroun André Onana 35
87%
2021- Portugal Diogo Dalot 83
87%
2022- Danemark Christian Eriksen 47
86%
2021-2023 Portugal Cristiano Ronaldo 40
84%
2021- France Raphaël Varane 67
84%
2022- Brésil Antony 53
83%
2020- France Anthony Martial 64
82%
2020-2022 France Paul Pogba 46
80%
2020-2023 Brésil Fred 93
78%
2021- Argentine Alejandro Garnacho 54
77%
2022- Argentine Lisandro Martinez 36
76%
2023- Danemark Rasmus Hojlund 27
75%
2020- Angleterre Aaron Wan-Bissaka 92
71%
2020-2022 Uruguay Edinson Cavani 41
71%
2023- Maroc Sofyan Amrabat 18
70%
2023- Irlande du Nord Jonny Evans 20
69%
2020-2021, 2023- Côte d'Ivoire Amad Diallo 9
66%
2022- Angleterre Kobbie Mainoo 22
61%
2020-2022 Serbie Nemanja Matic 43
61%
2020-2022 Pays de Galles Daniel James 17
59%
2020-2022 Côte d'Ivoire Eric Bailly 16
58%
2021-2024 Angleterre Jadon Sancho 58
57%
2022- Pays-Bas Tyrell Malacia 22
57%
2022-2023 Autriche Marcel Sabitzer 11
53%
2020-2023 Suède Anthony Elanga 39
52%
2020-2024 Pays-Bas Donny van de Beek 35
49%
2020-2022 Espagne Juan Mata 16
49%
2023- Angleterre Mason Mount 14
47%
2020-2022, 2023-2024 Tunisie Hannibal Mejbri 8
46%
2022- Uruguay Facundo Pellistri 13
43%
2020-2022 Angleterre Mason Greenwood 49
41%
2020-2021 Nigeria Odion Ighalo 1
41%
2021-2022 Angleterre Phil Jones 4
37%
2021-2022 Angleterre Jesse Lingard 16
36%
2022-2023 Pays-Bas Wout Weghorst 17
34%
2020-2022 Brésil Alex Telles 30
28%
2020-2021 Angleterre Dean Henderson 13
27%
2023- France Willy Kambwala 7
23%
2020-2021 Angleterre Brandon Williams 4
17%
2020-2021 Angleterre Axel Tuanzebe 9
14%
2023- Espagne Sergio Reguilon 9
14%
2020-2022 Angleterre Shola Shoretire 3
12%
2020-2021 Pays-Bas Timothy Fosu-Mensah 1
10%
2023- Angleterre Dan Gore 1
8%
2023- Angleterre Ethan Wheatley 2
5%
2023- Angleterre Omari Forson 3
4%
2020-2021 Angleterre Will Fish 1
1%
Aucun quiz correspondant
Distribution des résultats
% des personnes avec chaque résultat
Percentile par nombre de réponses
Votre historique - résultats
Vous n’avez pas pris ce quiz depuis la dernière actualisation